Culture Générale - Série 2036 - Statistiques

Statistiques générales
  • Ce quiz a été pris 74 fois
  • Le résultat moyen est 4 sur 10
Statistiques - réponses
Question Réponse % Correct
Ce verbe familier synonyme de lésiner a un rapport avec un restant de cigarette mégoter
80%
Qui est "Le Samouraï" dans le film de Jean-Pierre Melville de 1967 ? Alain Delon
61%
Sous quel nom connaissait-on mieux la chanteuse Freda Joséphine McDonald (1906-1975) ? Joséphine Baker
58%
De quel pays le Shin bet est-il un service de sécurité intérieure ? Israël
45%
Dans l'anatomie du corps humain, l'ulna est un os appelé plus couramment .... cubitus
38%
Qui est "Le viager" dans le film de Pierre Tchernia de 1972 ? Michel Serrault
37%
Quel verbe familier de 11 lettres commençant par " b " signifie "se promener en flânant" ? baguenauder
34%
Une église à Paris dans le quartier des Halles porte le nom de ce vieux couteau : "Saint ... voir photo eustache
32%
Qui est "Le Docteur Jivago" dans le film de David Lean de 1966 ? Omar Sharif
23%
Le seul volcan actif en Antarctique se nomme " Mont ... Erebus
14%
Aucun quiz correspondant
Distribution des résultats
% des personnes avec chaque résultat
Percentile par nombre de réponses
Votre historique - résultats
Vous n’avez pas pris ce quiz